|
|
|
|
| LEADER |
01399nam a22002417a 4500 |
| 001 |
33719 |
| 003 |
BD-DhAAL |
| 005 |
20180916165800.0 |
| 008 |
180916t2018 bg a b f01 0 eben d |
| 999 |
|
|
|c 40004
|d 40004
|
| 040 |
|
|
|a BD-DhAAL
|
| 082 |
0 |
0 |
|a 354.549200722
|2 22
|
| 100 |
1 |
|
|a মুহিত, আবুল আল আবদুল
|9 7392
|
| 245 |
0 |
0 |
|a সমৃদ্ধ আগামীর পথযাত্রায় বাংলাদেশ :
|b বাজেট বক্তৃতা ২০১৮-১৯ /
|c আবুল আল আবদুল মুহিত
|
| 260 |
|
|
|a ঢাকা :
|b মন্ত্রী, অর্থ মন্ত্রণালয়, গণপ্রজাতন্ত্রী বাংলাদেশ সরকার,
|c ২০১৮
|
| 300 |
|
|
|a iv, ১৫৬ পৃষ্ঠা :
|b চিত্র ;
|c ২৫ সে. মি.
|
| 526 |
|
|
|a AAL
|
| 541 |
|
|
|a Development Book Agency
|e 33719
|
| 650 |
|
0 |
|a Budget
|z Bangladesh
|9 7393
|
| 710 |
2 |
|
|a গণপ্রজাতন্ত্রী বাংলাদেশ সরকার,
|b অর্থ মন্ত্রণালয়,
|b মন্ত্রী
|9 7394
|
| 852 |
1 |
|
|a Ayesha Abed Library
|j General Stacks
|
| 942 |
|
|
|2 ddc
|c BK
|
| 952 |
|
|
|0 0
|1 0
|2 ddc
|4 0
|6 354_549200722000000_SOM
|7 0
|9 64288
|a BRACUL
|b BRACUL
|c GEN
|d 2018-08-28
|e Development Book Agency
|g 150.00
|l 0
|o 354.549200722 SOM
|p 3010033719
|r 2018-08-28
|t 1
|v 150.00
|w 2018-08-28
|y BK
|